| 000 | 00577nam a2200181Ia 4500 | ||
|---|---|---|---|
| 008 | 140626s9999 xx 000 0 und d | ||
| 100 | _aHoltz, Brian. | ||
| 245 |
_aInterpersonal justice and deviance : _b the moderating effects of interpersonal justice values and justice orientation / _cBrian Holtz ... [et al.]. |
||
| 260 | _cc2013. | ||
| 300 | _a39 : 2, page 339 | ||
| 440 | _aJournal of Management | ||
| 521 | _aBSBA | ||
| 650 | _aCounterproductive work behavior (cwb). | ||
| 650 | _aJustice. | ||
| 650 | _aValues. | ||
| 650 | _aWorkplace deviance. | ||
| 942 | _cSE | ||
| 999 |
_c121013 _d121013 |
||